Thực hành giải toán Giáo trình đào tạo giáo viên Trung học cơ sở hệ cao đẳng sư phạm
保存先:
| 第一著者: | |
|---|---|
| その他の著者: | |
| フォーマット: | 図書 |
| 言語: | Undetermined |
| 出版事項: |
H.
Giáo dục
2001
|
| 主題: | |
| オンライン・アクセス: | http://lrc.tdmu.edu.vn/opac/search/detail.asp?aID=2&ID=6039 |
| タグ: |
タグ追加
タグなし, このレコードへの初めてのタグを付けませんか!
|
| Thư viện lưu trữ: | Trung tâm Học liệu Trường Đại học Thủ Dầu Một |
|---|
| LEADER | 00731nam a2200217Ia 4500 | ||
|---|---|---|---|
| 001 | TDMU_6039 | ||
| 008 | 210410s9999 xx 000 0 und d | ||
| 082 | |a 510 | ||
| 090 | |b V500 | ||
| 100 | |a Vũ, Dương Thụy | ||
| 245 | 0 | |a Thực hành giải toán | |
| 245 | 0 | |b Giáo trình đào tạo giáo viên Trung học cơ sở hệ cao đẳng sư phạm | |
| 245 | 0 | |c Vũ Dương Thụy | |
| 260 | |a H. | ||
| 260 | |b Giáo dục | ||
| 260 | |c 2001 | ||
| 300 | |a 412tr | ||
| 650 | |a Toán |x Dạy và học |x Giải toán | ||
| 700 | |a Phạm, Gia Đức | ||
| 856 | |u http://lrc.tdmu.edu.vn/opac/search/detail.asp?aID=2&ID=6039 | ||
| 980 | |a Trung tâm Học liệu Trường Đại học Thủ Dầu Một | ||